Quel membre de l'AKATSUKI dans Naruto - Statistiques

Statistiques générales
  • Ce quiz a été pris 1 077 fois
  • Le résultat moyen est 11 sur 11
Statistiques - réponses
Question Réponse % Correct
Quel membre croit en jashin ? Hidan
100%
Qui s'appelle en réalité Nagato ? Pain
100%
Qui était un marionettiste ? Sasori
100%
Quel membre maîtrisait l'argil explosive ? Deidara
99%
Quel membre avait le susanoo ? ( ne vous étonnez pas qu'il n'y est pas tobi celui qui controlait le sien c'était kakashi ) Itachi
99%
Quel membre a 5 coeur ? Kakuzu
99%
Quel membre possedait Samehada ? Kisame
98%
Quel membre a faï battre tobi avec du papier Konan
98%
Quel est le membre qui maitrisait le Mokuton grace a Madara ? Zetsu
92%
Quel membre était l'antagoniste principale dans la premiere partie de Naruto ? Orochimaru
91%
Quel membre a déclanché la 4ème grande guerre ninja ? Tobi
90%
Aucun quiz correspondant
Distribution des résultats
% des personnes avec chaque résultat
Percentile par nombre de réponses
Votre historique - résultats
Vous n’avez pas pris ce quiz